Spanish Cities - Sudden Death - Statistics

General Stats
  • This quiz has been taken 68 times
  • The average score is 11 of 16
Answers on the Grid
Answers color-coded by a green-red scale on the quiz's grid according to % correct below.
Alicante
Lisbon
La Morte
Granada
Bilbao
Le Mans
Del Salven
Pamplona
Madrid
Del Proto
Oviedo
Oveidis
Detroit
Guam
A Coruna
San Deca
Palma
Barcelona
Gijon
Dijon
Andorra La Vella
Del Madren
Santander
Huelva
Puablen
Valencia
Getafe
Vallancite
Elche
Mojladen
Vigo
Corsica
 
Answer Stats
Answer % Correct
Bilbao
86%
Granada
86%
Madrid
86%
Valencia
86%
Alicante
81%
Barcelona
76%
Oviedo
71%
Palma
67%
A Coruna
62%
Pamplona
62%
Santander
62%
Vigo
57%
Huelva
52%
Elche
48%
Getafe
48%
Gijon
48%
No matching quizzes found
Score Distribution
Percent of People with Each Score
Percentile by Number Answered
Your Score History
You have not taken this quiz